LEADER 01175nam--2200361---450- 001 990001298690203316 005 20031203143704.0 035 $a000129869 035 $aUSA01000129869 035 $a(ALEPH)000129869USA01 035 $a000129869 100 $a20031203d1967----km-y0itay0103----ba 101 0 $aita 102 $aIT 105 $a||||||||001yy 200 1 $a<>archivio della regia giunta della Cassa sacra in Catanzaro$eil Baffi e le pergamene calabresi$eil fondo catanzarese della Cassa sacra dal 1787 ad oggi$fAugusto Placanica 210 $aRoma$c[s.n.]$d1967 215 $aP. 113-141$d21 cm. 300 $aEstratto da: Rassegna degli archivi di Stato, 27 (1967), n.1 410 0$12001 454 1$12001 461 1$1001-------$12001 676 $a945.781 700 1$aPLACANICA,$bAugusto$032646 801 0$aIT$bsalbc$gISBD 912 $a990001298690203316 951 $aIII D Misc. 33$b12785 L.M.$cIII D Misc. 959 $aBK 969 $aUMA 979 $aSIAV4$b10$c20031203$lUSA01$h1437 979 $aPATRY$b90$c20040406$lUSA01$h1732 996 $aArchivio della regia giunta della Cassa sacra in Catanzaro$9929567 997 $aUNISA LEADER 01379nam0 22003613i 450 001 TSA0024126 005 20231121125847.0 020 $aIT$b1916 7029 100 $a20130502d1916 ||||0itac50 ba 101 | $aita 102 $ait 181 1$6z01$ai $bxxxe 182 1$6z01$an 200 1 $aGuerra senza sangue$fEzio M. Gray 210 $aFirenze$cR. Bemporad e Figlio$cLibreria A. Beltrami$dstampa 1916 215 $a252 p.$d24 cm 225 | $a˜I œlibri d'oggi 300 $aSul front.: sommario dell'opera. 410 0$1001CUB0305652$12001 $a˜I œlibri d'oggi 606 $aGERMANIA$xPOLITICA ECONOMICA$x1894-1916$2FIR$3IEIC098868$9I 606 $aITALIA$xECONOMIA$x1894-1916$2FIR$3IEIC098869$9I 676 $a330.9450912$9SITUAZIONE E CONDIZIONI ECONOMICHE. ITALIA. 1900-1914$v19 700 1$aGray$b, Ezio Maria$3RAVV060532$4070$067987 790 0$aNiuska$3RAVV085309$zGray, Ezio Maria 790 1$aGray$b, Ezio M.$3UTOV539384$zGray, Ezio Maria 801 3$aIT$bIT-01$c20130502 850 $aIT-FR0017 899 $aBiblioteca umanistica Giorgio Aprea$bFR0017 912 $aTSA0024126 950 0$aBiblioteca umanistica Giorgio Aprea$d 52DES 330 Gra.Gue.$e 52BUN0000373215 VMB RS $fA $h20130502$i20130502 977 $a 52 996 $aGuerra senza sangue$9707283 997 $aUNICAS